000 00821nam a2200265 4500
003 ost
005 20260601193858.0
008 260421b19972013-hka|||| |||| 00| 0 eng d
020 _a9781847960573
040 _aICI
_bspa
_cICI
050 _aNK1390
_b.M37 2009
245 _aMasterpieces of modern design /
_cedited by Tony Chambers
264 _aLondon :
_bCarlton Books,
_c2013
336 _2rdacontent
_atexto
337 _2rdamedia
_asin medio
338 _2rdacarrier
_avolumen
500 _aCompilación de obras representativas del diseño moderno
650 _aDiseño industrial
_xSiglo XX
_933331
650 _aDiseño moderno
_933332
650 _aObjetos de diseño
_933333
650 _aDiseño de productos
650 _aEstética industrial
655 _2local
_aLibros ilustrados
942 _2lcc
_n0
_cB
999 _c22118
_d22118